[Event "First Saturday 2011 marcius GM"]
[Site "Budapest"]
[Date "2011.03.11"]
[Round "7"]
[White "Szablowski, Pawel"]
[Black "Mirzoev, Azer"]
[Result "0-1"]
[WhiteElo "2404"]
[BlackElo "2571"]
[PlyCount "120"]
[EventDate "2011.03.05"]

1. e4 e6 2. d4 d5 3. exd5 exd5 4. Nf3 Bg4 5. h3 Bh5 6. Qe2+ Ne7 7. g4 Bg6 8.
Ne5 Nd7 9. Nxg6 hxg6 10. Nc3 c6 11. Bf4 Qb6 12. O-O-O O-O-O 13. Bg2 Nf6 14. Rd3
Neg8 15. g5 Nh5 16. Bh2 Bd6 17. Bxd6 Rxd6 18. Qg4+ f5 19. gxf6+ Kb8 20. fxg7
Nxg7 21. h4 Nh6 22. Qf4 Qd8 23. Bh3 Qf6 24. Qg3 Nhf5 25. Bxf5 Nxf5 26. Qe5 Rxh4
27. Rxh4 Qxh4 28. f4 a6 29. Na4 Ka7 30. Nc5 b6 31. Ne6 Rd7 32. Nf8 Rg7 33. Rd1
a5 34. Nxg6 Qg4 35. Nf8 Re7 36. Qf6 Qxf4+ 37. Kb1 Qf3 38. Rc1 Qe4 39. Qxc6 Nxd4
40. Qc8 Qf5 41. Qxf5 Nxf5 42. Ng6 Re4 43. c3 d4 44. cxd4 Nxd4 45. Rd1 Nf3 46.
Rd3 Re1+ 47. Kc2 Rf1 48. Rd7+ Ka6 49. a4 Rf2+ 50. Kc3 Ng5 51. Re7 Rf6 52. Ne5
Ne4+ 53. Kc4 Nc5 54. Nd3 Nxa4 55. b3 Rc6+ 56. Kd5 Rc3 57. bxa4 Rxd3+ 58. Kc6
Rd4 59. Re8 Rc4+ 60. Kd5 Rxa4 0-1

[Event "First Saturday 2011 marcius GM"]
[Site "Budapest"]
[Date "2011.03.11"]
[Round "7"]
[White "Neubronner, Jarred"]
[Black "Kislik, Erik Andrew"]
[Result "1-0"]
[WhiteElo "2262"]
[BlackElo "2319"]
[PlyCount "65"]
[EventDate "2011.03.05"]

1. e4 c5 2. Nf3 d6 3. d4 cxd4 4. Nxd4 Nf6 5. Nc3 Nc6 6. Bc4 Qb6 7. Nxc6 bxc6 8.
O-O e6 9. b3 Be7 10. Bb2 O-O 11. Re1 Rd8 12. Na4 Qb8 13. Qe2 Nd7 14. f4 Bf8 15.
Qh5 Nb6 16. Nxb6 axb6 17. Re3 b5 18. Rh3 h6 19. Bd3 e5 20. f5 d5 21. Rg3 Qd6
22. f6 Qxf6 23. Bxe5 Qe6 24. Rf1 dxe4 25. Rf6 exd3 26. Rxh6 Qxh6 27. Qxh6 f6
28. Qxf6 Rd7 29. cxd3 Raa7 30. Qe6+ Rf7 31. Qxc8 Rae7 32. Rxg7+ Rxg7 33. Bxg7
1-0

[Event "First Saturday 2011 marcius GM"]
[Site "Budapest"]
[Date "2011.03.12"]
[Round "8"]
[White "Natsidis, Christoph"]
[Black "Kislik, Erik Andrew"]
[Result "1/2-1/2"]
[WhiteElo "2329"]
[BlackElo "2319"]
[PlyCount "41"]
[EventDate "2011.03.05"]

1. d4 Nf6 2. c4 e6 3. Nf3 d5 4. g3 dxc4 5. Bg2 Nc6 6. O-O Rb8 7. a4 Na5 8. Nbd2
b6 9. Ne5 Bb7 10. Bxb7 Rxb7 11. Ndxc4 Nxc4 12. Nxc4 c5 13. dxc5 Bxc5 14. Qxd8+
Kxd8 15. Bg5 Ke7 16. Rfd1 h6 17. Bf4 Nd5 18. Be5 f6 19. e4 Nb4 20. Bc3 Rc8 21.
Kf1 1/2-1/2

[Event "First Saturday 2011 marcius GM"]
[Site "Budapest"]
[Date "2011.03.12"]
[Round "8"]
[White "Mirzoev, Azer"]
[Black "Neubronner, Jarred"]
[Result "1/2-1/2"]
[WhiteElo "2571"]
[BlackElo "2262"]
[PlyCount "66"]
[EventDate "2011.03.05"]

1. d4 Nf6 2. Nc3 c5 3. d5 g6 4. e4 d6 5. Bb5+ Nfd7 6. a4 Bg7 7. Nf3 O-O 8. O-O
Na6 9. Bf4 Nc7 10. Re1 Nxb5 11. axb5 Qc7 12. h3 a5 13. bxa6 bxa6 14. Qd2 Rb8
15. Ra2 Re8 16. Nd1 Rb4 17. c3 Rb5 18. Ne3 Nb6 19. Qd3 Qb8 20. Re2 Rd8 21. c4
Rb4 22. b3 Nd7 23. Ra3 a5 24. Nc2 Rb6 25. Nd2 Ra6 26. Re3 Nb6 27. Nf3 a4 28.
Re1 axb3 29. Rxb3 Bd7 30. Ne3 Qc7 31. Reb1 Rda8 32. Kh2 Ba4 33. Ra3 Bd7 1/2-1/2

[Event "First Saturday 2011 marcius GM"]
[Site "Budapest"]
[Date "2011.03.12"]
[Round "8"]
[White "Narayanan, Srinath"]
[Black "Szablowski, Pawel"]
[Result "1/2-1/2"]
[WhiteElo "2310"]
[BlackElo "2404"]
[PlyCount "106"]
[EventDate "2011.03.05"]

1. e4 e6 2. d4 d5 3. Nd2 Nf6 4. e5 Nfd7 5. Bd3 c5 6. c3 Nc6 7. Ngf3 a5 8. O-O
Be7 9. a4 cxd4 10. cxd4 Nb4 11. Bb5 O-O 12. Nb1 Nb6 13. Nc3 Bd7 14. b3 Rc8 15.
Bd2 Bxb5 16. axb5 Ra8 17. Qe2 Qd7 18. Rfc1 Rfc8 19. g3 h6 20. h4 Qe8 21. Kh2
Kh8 22. Ne1 Qg8 23. Qf3 f6 24. Ne2 fxe5 25. dxe5 Nd7 26. Qh5 Qe8 27. Rxc8 Rxc8
28. Qxe8+ Rxe8 29. Rxa5 Nxe5 30. Nf4 Bc5 31. Kg2 g5 32. hxg5 hxg5 33. Nh3 Nbd3
34. Nxg5 Bxf2 35. Nxd3 Nxd3 36. Ra1 Bd4 37. Rh1+ Kg8 38. Rh6 e5 39. Rd6 Nc5 40.
Rxd5 Nxb3 41. Ne4 Nxd2 42. Nxd2 Kf7 43. Ne4 Ke7 44. Nc5 b6 45. Rd7+ Kf6 46.
Ne4+ Ke6 47. Rd6+ Ke7 48. Rh6 Ra8 49. Kf3 Ra3+ 50. Kg4 Rb3 51. Kf5 Rf3+ 52. Kg4
Rb3 53. Kf5 Rf3+ 1/2-1/2

[Event "First Saturday 2011 marcius GM"]
[Site "Budapest"]
[Date "2011.03.12"]
[Round "8"]
[White "Vajda, Levente"]
[Black "Carlstedt, Jonathan"]
[Result "1-0"]
[WhiteElo "2508"]
[BlackElo "2386"]
[PlyCount "69"]
[EventDate "2011.03.05"]

1. e4 c5 2. c3 Nf6 3. e5 Nd5 4. d4 cxd4 5. Nf3 Nc6 6. cxd4 d6 7. Bc4 e6 8. O-O
Be7 9. Qe2 O-O 10. Nc3 Nxc3 11. bxc3 dxe5 12. dxe5 Qa5 13. Bd2 Rd8 14. Rfe1 b6
15. h4 Bb7 16. h5 h6 17. a4 Rd7 18. Ra2 Rc8 19. Rc1 Rdc7 20. Raa1 Rd8 21. Bf4
Rcd7 22. Bb5 a6 23. Bc4 Rc8 24. g4 Bg5 25. Bxg5 hxg5 26. Bb3 Qc5 27. Bc2 Kf8
28. Be4 Rcd8 29. Re1 Qxc3 30. Rac1 Qb4 31. Rc4 Qb3 32. Bxc6 Bxc6 33. Rxc6 Qxa4
34. Rc4 Qb5 35. Nxg5 1-0

[Event "First Saturday 2011 marcius GM"]
[Site "Budapest"]
[Date "2011.03.12"]
[Round "8"]
[White "Goh, Wei Ming K"]
[Black "Womacka, Matthias"]
[Result "1/2-1/2"]
[WhiteElo "2382"]
[BlackElo "2475"]
[PlyCount "82"]
[EventDate "2011.03.05"]

1. e4 c5 2. Nc3 Nc6 3. Bb5 Nd4 4. Bc4 e6 5. Nge2 Nf6 6. O-O a6 7. a4 Nxe4 8.
Nxe4 d5 9. d3 dxc4 10. dxc4 Be7 11. Bf4 f6 12. c3 Nxe2+ 13. Qxe2 e5 14. Be3 Qc7
15. f4 f5 16. Ng3 e4 17. Rfd1 Be6 18. Nf1 O-O 19. g3 Rad8 20. Bf2 Rxd1 21. Rxd1
Qa5 22. Ne3 Qxa4 23. Nd5 Bxd5 24. Rxd5 b6 25. Kg2 g6 26. Re5 Bd6 27. Rd5 Be7
28. Re5 Bd6 29. Rd5 Be7 30. Be3 Rf6 31. Qd2 Qc6 32. b4 cxb4 33. cxb4 Qxc4 34.
Rd4 Qc6 35. Qa2+ Rf7 36. Qxa6 Qc3 37. Qe2 b5 38. Rd5 Qxb4 39. Rxb5 Qc3 40. Rb7
Qd3 41. Qxd3 exd3 1/2-1/2

[Event "First Saturday 2011 marcius GM"]
[Site "Budapest"]
[Date "2011.03.13"]
[Round "9"]
[White "Carlstedt, Jonathan"]
[Black "Goh, Wei Ming K"]
[Result "0-1"]
[WhiteElo "2386"]
[BlackElo "2382"]
[PlyCount "78"]
[EventDate "2011.03.05"]

1. c4 e5 2. g3 c6 3. d4 e4 4. d5 Bb4+ 5. Bd2 e3 6. fxe3 Qe7 7. Qb3 Bc5 8. Qd3
Nf6 9. Nc3 O-O 10. Nf3 Re8 11. Bh3 Na6 12. a3 d6 13. Bxc8 Raxc8 14. dxc6 bxc6
15. Nd4 Ng4 16. Nd1 g6 17. b4 Bb6 18. Nf3 Nb8 19. a4 a6 20. Ra3 Nd7 21. a5 Ba7
22. O-O c5 23. b5 axb5 24. cxb5 c4 25. Qb1 d5 26. Rc3 Bc5 27. b6 Ndf6 28. Rc2
Ne4 29. Be1 Bxe3+ 30. Kg2 Bc5 31. b7 Rb8 32. a6 Ba7 33. Qb5 Nd6 34. Qxd5 Nf5
35. Kh1 Nfe3 36. Nxe3 Nxe3 37. Bf2 Nxd5 38. Bxa7 Rbd8 39. Ra2 Nb4 0-1

[Event "First Saturday 2011 marcius GM"]
[Site "Budapest"]
[Date "2011.03.13"]
[Round "9"]
[White "Szablowski, Pawel"]
[Black "Vajda, Levente"]
[Result "0-1"]
[WhiteElo "2404"]
[BlackElo "2508"]
[PlyCount "100"]
[EventDate "2011.03.05"]

1. Nf3 Nf6 2. c4 g6 3. d4 Bg7 4. Nc3 d6 5. e4 O-O 6. Be2 Nbd7 7. O-O e5 8. Be3
h6 9. dxe5 dxe5 10. h3 c6 11. c5 Ne8 12. b4 Qe7 13. Qc2 f5 14. exf5 gxf5 15.
Bc4+ Kh7 16. Rfe1 a5 17. b5 e4 18. bxc6 bxc6 19. Nd4 Ne5 20. Be2 Qf6 21. Na4 f4
22. Qxe4+ Qg6 23. Qxg6+ Nxg6 24. Nb6 fxe3 25. fxe3 Rb8 26. Nxc6 Bxa1 27. Rxa1
Rb7 28. Nxc8 Rc7 29. N8a7 Nf6 30. Bd3 Re8 31. e4 Kg7 32. Rb1 Nf4 33. Bc2 Ne2+
34. Kh2 Nxe4 35. Rb5 N4g3 36. Bd3 Nf1+ 37. Kh1 Neg3+ 38. Kg1 Rf7 39. Rb1 Nd2
40. Rd1 h5 41. Nb5 Re3 42. Bc2 Ne2+ 43. Kh1 Ng3+ 44. Kg1 Ne2+ 45. Kh1 Nf1 46.
Ncd4 Nfg3+ 47. Kh2 Rf2 48. c6 Nf4 49. Nf5+ Nxf5 50. Bxf5 Rxg2+ 0-1

0-1

[Event "First Saturday 2011 marcius GM"]
[Site "Budapest"]
[Date "2011.03.13"]
[Round "9"]
[White "Kislik, Erik Andrew"]
[Black "Mirzoev, Azer"]
[Result "1/2-1/2"]
[WhiteElo "2319"]
[BlackElo "2571"]
[PlyCount "22"]
[EventDate "2011.03.05"]

1. e4 Nf6 2. e5 Nd5 3. d4 d6 4. Nf3 dxe5 5. Nxe5 c6 6. Bc4 Nd7 7. Nxd7 Bxd7 8.
O-O Bf5 9. Bb3 e6 10. c4 Nf6 11. Nc3 Be7 1/2-1/2